| 000 | 01250cam a2200229 a 4500 | ||
|---|---|---|---|
| 020 | _a9781118120149 (hbk. : alk. paper) | ||
| 082 | 0 | 0 |
_a625.7 _bMAN |
| 100 | 1 |
_aMannering, Fred L. _938445 |
|
| 245 | 1 | 0 |
_aPrinciples of highway engineering and traffic analysis / _cFred L. Mannering, Scott S. Washburn. |
| 250 | _a5th ed. | ||
| 260 |
_aHoboken, NJ : _bWiley, _cc2013. |
||
| 300 |
_axii, 336 p. : _bill. ; _c27 cm. |
||
| 500 | _aIncludes index. | ||
| 520 | _a"The 5th edition of the Mannering's Principles of Highway Engineering and Traffic Analysis continues to offer a concise approach that covers all the necessary fundamental concepts. New features in this edition include updates and more consistency with the latest edition of the Highway Capacity Manual (HCM); the inclusion of sample FE exam questions, call-out of common mistakes; and added coverage on a qualitative description of the mechanistic approach"-- | ||
| 526 |
_a0 _b0 _c0 _d625_700000000000000_MAN |
||
| 650 | 0 | _aHighway engineering. | |
| 650 | 0 | _aTraffic engineering. | |
| 650 | 7 |
_aTECHNOLOGY & ENGINEERING / Civil / General. _96298 |
|
| 700 | 1 |
_aWashburn, Scott S. _951485 |
|
| 856 | 4 | 2 | _uhttp://catalogimages.wiley.com/images/db/jimages/9781118120149.jpg |
| 942 |
_2ddc _cBK |
||
| 999 |
_c554167 _d554167 |
||